Who Am I? (Record no. 264597)
[ view plain ]
| 000 -LEADER | |
|---|---|
| fixed length control field | 00202nam a22000977a 4500 |
| 020 ## - INTERNATIONAL STANDARD BOOK NUMBER | |
| ISBN | 9780439022903 |
| 100 ## - MAIN ENTRY--AUTHOR NAME | |
| Personal name | Millen Lee |
| 245 ## - TITLE STATEMENT | |
| Title | Who Am I? |
| 260 ## - PUBLICATION, DISTRIBUTION, ETC. (IMPRINT) | |
| Place of publication | New York |
| Name of publisher | Scholastic |
| Year of publication | 2002 |
| 942 ## - ADDED ENTRY ELEMENTS (KOHA) | |
| Koha item type | Long Loan Books |
| Withdrawn status | Lost status | Collection code | Home library | Current library | Shelving location | Date acquired | Accession Number | Koha item type |
|---|---|---|---|---|---|---|---|---|
| Non-fiction | Rongo University Library | Rongo University Library | Children's Area | 14/10/2024 | CL2021512 | Long Loan Books |
